Sang Beruang yang tertipu

Bibliographic Details
Main Author: Hamdan Mohd Ali
Format: Book
Published: Selangor : Impiana Publications & Distributors , 2006
Series:Siri unggas belantara
Subjects:

MARC

LEADER 00000cam a2200000 7i4500
001 0000000021
005 20151222.0
008 070702
020 |a 9833298281(set) 
020 |a 9833298354 
090 0 0 |a JF   |b NH MAL (207) 
100 0 |a Hamdan Mohd Ali 
245 1 0 |a Sang Beruang yang tertipu   |c Hamdan Mohd Ali 
260 |a Selangor :   |b Impiana Publications & Distributors ,   |c 2006 
440 |a Siri unggas belantara 
500 |a Children ages 7-9 years old (orange) 
650 0 |a Animals   |x Fiction 
650 0 |a Children's stories   |x Malay 
650 0 |a Malay fiction 
999 |a 0000954060   |b Book   |c Children Collection   |e Perbadanan Perpustakaan Awam Johor 
999 |a 0000954061   |b Book   |c Children Collection   |e Cawangan Bukit Gambir 
999 |a 0000954062   |b Book   |c Children Collection   |e Perbadanan Perpustakaan Awam Johor 
999 |a 0000954063   |b Book   |c Children Collection   |e Cawangan Bukit Gambir